LIBRARY & INFORMATION CENTRE, KCAET, TAVANUR

ONLINE PUBLIC ACCESS CATALOGUE (OPAC)

Handling, transportation and storage of fruits and vegetables, Vol.2 : fruits and tree nuts (Record no. 14101)

MARC details
000 -LEADER
fixed length control field 00400nam a22001337a 4500
020 ## - INTERNATIONAL STANDARD BOOK NUMBER
ISBN 9789381714638
082 ## - DEWEY DECIMAL CLASSIFICATION NUMBER
Classification number 664
Item number RYA/HA
100 ## - MAIN ENTRY--AUTHOR NAME
Personal name Ryall, Lloyd A
245 ## - TITLE STATEMENT
Title Handling, transportation and storage of fruits and vegetables, Vol.2 : fruits and tree nuts
250 ## - EDITION STATEMENT
Edition statement 2nd ed.
260 ## - PUBLICATION, DISTRIBUTION, ETC. (IMPRINT)
Place of publication New Delhi
Name of publisher Scientific International Pvt. ltd.
Year of publication 2014
700 ## - ADDED ENTRY--PERSONAL NAME
Personal name Pentzer, W.T
942 ## - ADDED ENTRY ELEMENTS (KOHA)
Koha item type Books
Holdings
Withdrawn status Lost status Damaged status Collection code Home library Current library Shelving location Date acquired Full call number Accession Number Koha item type Source of acquisition Cost, normal purchase price
        KAUAET KAUAET General Stacks 31/03/2014 664 RYA/HA 24592 Books    
        KAUAET KAUAET General Stacks 08/07/2016 664 RYA/HA 24822 Books Arunima Book Distributors,TVPM 995.00
        KAUAET KAUAET Scheme 25/08/2016 664 RYA/HA BB 350 Book Bank scheme for SC students Dream Tech Publishers & Book Sellers, Trivandrum. 1095.00
free website counter